[Event "CFriend SL-2004-0-00020 email"]
[Site "Chessfriend.com"]
[Date "2004.06.15"]
[Round "?"]
[White "Aalto, Sakari"]
[Black "Nakamura, Senri"]
[Result "0-1"]
[WhiteElo "1133"]
[BlackElo "1434"]
[PlyCount "54"]
[EventDate "2004.??.??"]
[EventType "tourn (corr)"]
[EventRounds "12"]
[SourceTitle "Corr 2008"]
[Source "ChessBase"]
[SourceDate "2008.06.24"]
[SourceVersion "1"]
[SourceVersionDate "2008.06.24"]
[SourceQuality "1"]

1. d4 Nf6 2. c4 c5 3. d5 b5 4. cxb5 a6 5. Nc3 axb5 6. e4 b4 7. Nb5 d6 8. Bc4 Nbd7 9. Nf3 Nb6 10. Bd3 g6 11. b3 Bg7 12. Bb2 0-0 13. 0-0 Bg4 14. h3 Bxf3 15. Qxf3 e6 16. a4 bxa3 17. Rxa3 Rxa3 18. Bxa3 exd5 19. exd5 Nbxd5 20. Rd1 Nc7 21. Nxc7 Qxc7 22. Bc4 Re8 23. Bb2 Ne4 24. Bxg7 Kxg7 25. Qd3 Qd8 26. f3 Nf6 27. Qxd6 Re1+ 0-1

[Event "CFriend SL-2004-0-00020 email"]
[Site "Chessfriend.com"]
[Date "2004.06.15"]
[Round "?"]
[White "Castellano, Antonio Jr"]
[Black "Nakamura, Senri"]
[Result "0-1"]
[WhiteElo "1006"]
[BlackElo "1434"]
[PlyCount "72"]
[EventDate "2004.??.??"]
[EventType "tourn (corr)"]
[EventRounds "12"]
[SourceTitle "Corr 2008"]
[Source "ChessBase"]
[SourceDate "2008.06.24"]
[SourceVersion "1"]
[SourceVersionDate "2008.06.24"]
[SourceQuality "1"]

1. e4 e6 2. Nf3 d5 3. e5 c5 4. d4 cxd4 5. Nxd4 Nc6 6. Bb5 Bd7 7. 0-0 Nxe5 8. Bxd7+ Nxd7 9. Nc3 Ngf6 10. Bg5 Bb4 11. Nce2 0-0 12. Ng3 Qb6 13. Be3 Bc5 14. Rb1 Rfc8 15. Re1 Ne5 16. b4 Bf8 17. a4 Neg4 18. a5 Nxe3 19. Rxe3 Qc7 20. c3 a6 21. Qf3 Bd6 22. Nde2 b6 23. axb6 Qxb6 24. Nd4 a5 25. Nc2 axb4 26. Nxb4 d4 27. Ree1 Rab8 28. Red1 Rxc3 29. Qe2 Bxb4 30. Ne4 Nxe4 31. Qxe4 Rd8 32. h3 Qd6 33. Rb2 Ba5 34. Rbd2 d3 35. Qe3 h5 36. Qf3 h4 0-1

[Event "CFriend SL-2004-0-00018 email"]
[Site "Chessfriend.com"]
[Date "2004.04.15"]
[Round "?"]
[White "Balaram, Mohanakrishnan"]
[Black "Nakamura, Senri"]
[Result "0-1"]
[WhiteElo "940"]
[BlackElo "1181"]
[PlyCount "60"]
[EventDate "2004.??.??"]
[EventType "tourn (corr)"]
[EventRounds "12"]
[SourceTitle "Corr 2008"]
[Source "ChessBase"]
[SourceDate "2008.06.24"]
[SourceVersion "1"]
[SourceVersionDate "2008.06.24"]
[SourceQuality "1"]

1. e4 e6 2. d4 d5 3. Nd2 c5 4. exd5 exd5 5. Bb5+ Bd7 6. Qe2+ Be7 7. dxc5 Nf6 8. Ngf3 0-0 9. 0-0 Re8 10. Qd3 Bxc5 11. Nb3 Bb6 12. Bg5 Bxb5 13. Qxb5 Qd7 14. Qxd7 Nbxd7 15. Rae1 Ne4 16. Bh4 a5 17. Nbd4 g5 18. Nxg5 Bxd4 19. Nxe4 dxe4 20. Rd1 Bf6 21. Rxd7 Bxh4 22. Rxb7 Rab8 23. Rxb8 Rxb8 24. b3 Rd8 25. g3 Be7 26. Re1 f5 27. Kf1 Bb4 28. Re2 Kf7 29. f4 exf3 30. Rf2 Rd1# 0-1

[Event "CFriend SL-2004-0-00018 email"]
[Site "Chessfriend.com"]
[Date "2004.04.15"]
[Round "1"]
[White "Nakamura, Senri"]
[Black "Arauz, Christopher"]
[Result "0-1"]
[WhiteElo "1360"]
[BlackElo "959"]
[PlyCount "110"]
[EventDate "2004.??.??"]
[EventType "tourn (corr)"]
[EventRounds "12"]
[SourceTitle "Corr 2008"]
[Source "ChessBase"]
[SourceDate "2008.06.24"]
[SourceVersion "1"]
[SourceVersionDate "2008.06.24"]
[SourceQuality "1"]

1. d4 d5 2. c4 c6 3. Nf3 Nf6 4. Nc3 Bf5 5. cxd5 cxd5 6. Qb3 Bc8 7. Bf4 Nc6 8. Nb5 e5 9. Nxe5 Bb4+ 10. Nc3 Nxd4 11. Qd1 Bxc3+ 12. bxc3 Ne6 13. Qa4+ Nd7 14. Bg3 0-0 15. Qb4 Nf6 16. e3 Ne4 17. Bb5 a5 18. Qb2 Qc7 19. c4 a4 20. a3 Qa5+ 21. Qb4 Qxb4+ 22. axb4 Nc3 23. Kd2 Nxb5 24. cxb5 f6 25. Nd3 Bd7 26. Nc5 Nxc5 27. bxc5 Bxb5 28. Rhb1 Bc6 29. Ra3 Kf7 30. Bd6 Rfe8 31. Rb6 Re6 32. Kc3 Re4 33. Kd3 g5 34. f3 Re6 35. Kd4 h5 36. h3 g4 37. Ra2 f5 38. Bf4 Rg8 39. h4 gxf3 40. gxf3 Rg1 41. Rbb2 Re8 42. Rg2 Rd1+ 43. Rgd2 Rc1 44. Rdc2 Rxc2 45. Rxc2 Kf6 46. Kc3 Ke6 47. Ra2 Rg8 48. Bh2 Ra8 49. Kb4 d4 50. Ra3 Rd8 51. Bd6 Kd5 52. Bf4 Ke6 53. Bd6 b5 54. exd4 Kd5 55. Ra2 Ra8 0-1

[Event "CFriend SL-2004-0-00018 email"]
[Site "Chessfriend.com"]
[Date "2004.04.15"]
[Round "?"]
[White "Nakamura, Senri"]
[Black "Krabbenbos, Jan"]
[Result "1-0"]
[WhiteElo "1434"]
[BlackElo "1498"]
[PlyCount "61"]
[EventDate "2004.??.??"]
[EventType "tourn (corr)"]
[EventRounds "12"]
[SourceTitle "Corr 2008"]
[Source "ChessBase"]
[SourceDate "2008.06.24"]
[SourceVersion "1"]
[SourceVersionDate "2008.06.24"]
[SourceQuality "1"]

1. d4 g6 2. c4 Bg7 3. Nc3 Nf6 4. e4 d6 5. Nf3 0-0 6. Be2 c6 7. 0-0 e5 8. Re1 Nbd7 9. Bf1 Re8 10. d5 cxd5 11. cxd5 Nb6 12. a4 a5 13. Nb5 Re7 14. Qd3 Ne8 15. Qa3 f6 16. Be3 Bg4 17. Nd2 Nc8 18. Nc4 Bf8 19. b4 axb4 20. Qxb4 Rf7 21. f3 Bd7 22. Nc3 Qc7 23. Reb1 Rb8 24. a5 Ng7 25. a6 Be8 26. Na5 b6 27. Qc4 bxa5 28. Qxc7 Rxc7 29. Rxb8 Rxc3 30. Rxa5 h5 31. Bc5 1-0

[Event "CFriend SL-2004-0-00018 email"]
[Site "Chessfriend.com"]
[Date "2004.04.15"]
[Round "?"]
[White "Nakamura, Senri"]
[Black "McNally, Tony"]
[Result "1-0"]
[WhiteElo "1285"]
[BlackElo "863"]
[PlyCount "49"]
[EventDate "2004.??.??"]
[EventType "tourn (corr)"]
[EventRounds "12"]
[SourceTitle "Corr 2008"]
[Source "ChessBase"]
[SourceDate "2008.06.24"]
[SourceVersion "1"]
[SourceVersionDate "2008.06.24"]
[SourceQuality "1"]

1. d4 f5 2. c4 g6 3. Nc3 Nf6 4. Bg5 Bg7 5. g3 0-0 6. Bg2 d6 7. Nf3 Nc6 8. 0-0 e5 9. dxe5 Nxe5 10. Nxe5 dxe5 11. Qxd8 Rxd8 12. Nd5 Kf7 13. Nxc7 Rb8 14. Bd5+ Kf8 15. e4 h6 16. Be3 b6 17. f3 Bd7 18. a4 fxe4 19. fxe4 Ke7 20. a5 Ng4 21. Bd2 Kd6 22. Na6 Rbc8 23. Bb4+ Rc5 24. axb6 axb6 25. Nxc5 1-0

[Event "CFriend SL-2004-0-00018 email"]
[Site "Chessfriend.com"]
[Date "2004.04.15"]
[Round "?"]
[White "Popp, Tony"]
[Black "Nakamura, Senri"]
[Result "0-1"]
[WhiteElo "962"]
[BlackElo "1181"]
[PlyCount "76"]
[EventDate "2004.??.??"]
[EventType "tourn (corr)"]
[EventRounds "12"]
[SourceTitle "Corr 2008"]
[Source "ChessBase"]
[SourceDate "2008.06.24"]
[SourceVersion "1"]
[SourceVersionDate "2008.06.24"]
[SourceQuality "1"]

1. a3 d5 2. d4 c5 3. dxc5 e5 4. b4 a5 5. Bb2 axb4 6. axb4 Rxa1 7. Bxa1 f6 8. e3 b6 9. Bb5+ Bd7 10. Bxd7+ Qxd7 11. cxb6 Bxb4+ 12. Nd2 Ne7 13. Ne2 0-0 14. 0-0 Qc6 15. Nb3 Nd7 16. Qd3 Nxb6 17. Bb2 Rc8 18. Rc1 Qc4 19. Qxc4 dxc4 20. c3 cxb3 21. cxb4 Na4 22. Rxc8+ Nxc8 23. Nc1 Nxb2 24. Nxb3 Nd3 25. b5 Kf7 26. e4 Ke6 27. Kf1 Nd6 28. f3 Nxb5 29. Ke2 Nf4+ 30. Kf2 Nd4 31. Nd2 g5 32. g3 Nfe2 33. h3 h5 34. Nc4 h4 35. gxh4 gxh4 36. Ne3 Nf4 37. Ng2 Nxg2 38. Kxg2 Ne2 0-1

[Event "IECG QN.2004.0.00310 email"]
[Site "IECG email"]
[Date "2004.02.06"]
[Round "?"]
[White "Nakamura, Senri"]
[Black "Martin, Alonso"]
[Result "1-0"]
[WhiteElo "800"]
[BlackElo "800"]
[PlyCount "35"]
[EventDate "2004.02.06"]
[EventType "tourn (corr)"]
[EventRounds "6"]
[SourceTitle "Corr 2008"]
[Source "ChessBase"]
[SourceDate "2008.06.24"]
[SourceVersion "1"]
[SourceVersionDate "2008.06.24"]
[SourceQuality "1"]

1. d4 Nf6 2. c4 e6 3. Nc3 Bb4 4. Qc2 d5 5. cxd5 Nxd5 6. e4 Nxc3 7. bxc3 Be7 8. Nf3 c5 9. Rb1 b6 10. Be2 Bb7 11. 0-0 Nd7 12. Bf4 Nf6 13. Qa4+ Nd7 14. Ne5 f6 15. Nxd7 Kf7 16. Nxc5 Bxc5 17. dxc5 Bxe4 18. Qxe4 1-0

[Event "IECG QN.2003.0.00299 email "]
[Site "IECG email"]
[Date "2003.11.16"]
[Round "?"]
[White "Zuidema, Peter"]
[Black "Nakamura, Senri"]
[Result "0-1"]
[WhiteElo "570"]
[BlackElo "800"]
[PlyCount "28"]
[EventDate "2003.11.16"]
[EventType "tourn (corr)"]
[EventRounds "6"]
[SourceTitle "Corr 2008"]
[Source "ChessBase"]
[SourceDate "2008.06.24"]
[SourceVersion "1"]
[SourceVersionDate "2008.06.24"]
[SourceQuality "1"]

1. d4 Nf6 2. c4 e6 3. Nc3 Bb4 4. Qc2 0-0 5. a3 Bxc3+ 6. Qxc3 b6 7. Bg5 Bb7 8. Nf3 d6 9. g3 Nbd7 10. Bg2 a5 11. 0-0 Ne4 12. Qe3 Nxg5 13. Nxg5 Bxg2 14. Kxg2 f5 0-1